LEADER 01471nam2-2200433---450- 001 990001876410203316 005 20060112175827.0 010 $a88-8440-140-2 035 $a000187641 035 $aUSA01000187641 035 $a(ALEPH)000187641USA01 035 $a000187641 100 $a20040726d20022003km-y0itay0103----ba 101 0 $aita 102 $aIT 105 $aa|||||||001yy 200 1 $a<<2.>>$fCyril W. Beaumont, Margaret Craske, Derra de Moroda$gedizione italiana a cura di Brenda Hamlyn Bencini$gtraduzione e note di Francesca Falcone 210 $aRoma$cGremese$d2002 215 $a176 p.$cill.$d20 cm 225 2 $aPiccola biblioteca delle arti 410 0$12001$aPiccola biblioteca delle arti 454 1$12001$a<> theory and practice of allegro in classical ballet 454 1 $12001$a<> theory and practice of advanced allegro in classical ballet 461 1$1001000187639$12001$aFare danza 606 0 $aDanza$xManuali 676 $a792.8 700 1$aBEAUMONT,$bCyril W.$0564779 701 1$aCRASKE,$bMargaret$0564781 701 1 $aDE MORODA,$bDerra$0564782 702 1 $aHAMLYN BENCINI,$bBrenda 702 1 $aFALCONE,$bFrancesca 801 0$aIT$bsalbc$gISBD 912 $a990001876410203316 951 $aXIII.4. 19/2(VII E 739)$b172755 L.M.$cVII E$d00092046 959 $aBK 969 $aUMA 979 $aPECORARO$b90$c20040726$lUSA01$h1631 979 $aCOPAT6$b90$c20060112$lUSA01$h1758 997 $aUNISA LEADER 01788nam0 2200373 i 450 001 SUN0124952 005 20201009095519.580 010 $d0.00 017 70$2N$a978-3-319-77249-3 100 $a20191028d2018 |0engc50 ba 101 $aeng 102 $aCH 105 $a|||| ||||| 200 1 $a*Quantitative psychology$eThe 82. Annual Meeting of the Psychometric Society, Zurich, Switzerland, 2017$fMarie Wiberg ... [et al.] editors 205 $aCham : Springer, 2018 210 $aix$d416 p.$cill. ; 24 cm 215 $aPubblicazione in formato elettronico 410 1$1001SUN0102574$12001 $a*Springer proceedings in mathematics & statistics$v233$1210 $aBerlin$cSpringer$d2012-. 606 $a62H12$xEstimation in multivariate analysis [MSC 2020]$2MF$3SUNC021210 606 $a62-XX$xStatistics [MSC 2020]$2MF$3SUNC022998 606 $a62F15$xBayesian inference [MSC 2020]$2MF$3SUNC024528 606 $a62R07$xStatistical aspects of big data and data science [MSC 2020]$2MF$3SUNC026514 606 $a62P15$xApplications of statistics to psychology [MSC 2020]$2MF$3SUNC031075 606 $a68T09$xComputational aspects of data analysis and big data [MSC 2020]$2MF$3SUNC035916 620 $aCH$dCham$3SUNL001889 702 1$aWiberg$b, Marie$3SUNV096381 712 12$aInternational Meeting of the Psychometric Society$d82.$f2017$eZurich, Switzerland$3SUNV096382 712 $aSpringer$3SUNV000178$4650 801 $aIT$bSOL$c20210503$gRICA 856 4 $uhttp://doi.org/10.1007/978-3-319-77249-3 912 $aSUN0124952 950 $aUFFICIO DI BIBLIOTECA DEL DIPARTIMENTO DI MATEMATICA E FISICA$d08CONS e-book 1327 $e08eMF1327 20191028 996 $aQuantitative psychology$91560516 997 $aUNICAMPANIA